000 00526nam a2200181Ia 4500
008 151018s9999 xx 000 0 und d
082 _bRBASDV43147
_a891.463
100 _aदेवदत्त पाटील
245 _aव्याध
250 _b1
260 _bश्री नवदुर्ग
_c2006
300 _a400
600 _aदेवदत्त पाटील
630 _aव्याध
700 _aदेवदत्त पाटील
730 _aव्याध
942 _cBOOK
999 _c1042362
_d1042359